000 00922cam a2200265 a 4500
001 2123603
005 20260422103903.0
008 970227s1998 mau bf 001 0 eng
020 _a0070094543
_qacid-free paper
020 _a9780070094543
_q(acid-free paper)
050 0 0 _aPE1408
_b.B8852 1998
082 0 0 _a808/.042
_221
100 1 _aBuscemi, Santi V.
245 1 4 _aThe basics :
_ba rhetoric and handbook /
_cSanti V. Buscemi, Albert H. Nicolai, Richard Strugala.
250 _a2nd ed.
260 _aBoston, Mass. :
_bMcGraw-Hill,
_cc1998.
300 _axix, 420 p. (loose-leaf) ;
_c21 cm.
500 _aIncludes index.
650 0 _aEnglish language
_xRhetoric
_xHandbooks, manuals, etc.
650 0 _aEnglish language
_xGrammar
_xHandbooks, manuals, etc.
650 0 _aReport writing
_xHandbooks, manuals, etc.
700 1 _aNicolai, Albert H.
700 1 _aStrugala, Richard A.
942 _2lcc
_cBK
_e2nd Ed.
_n0
999 _c9392
_d9392